000 00217nam a2200097Ia 4500
008 190216s9999||||xx |||||||||||||| ||und||
100 _aYashpal
245 0 _aHindi-Anitha
260 _bHindi Sahithya Sadan
942 _cBK
999 _c17082
_d17082